000 00285 a2200145 4500
001 169301
020 _a
040 _cMagnum
100 _aSchafer, Murray
240 1 0 _aO ouvido pensante
_lpor
245 1 0 _aO ouvido pensante
362 0 _a1899
697 _aMUSICA
942 _cBK
999 _c169301
_d169301